Slogans Brasileiros - Statistics

Estatísticas Gerais
  • Esse quiz foi jogado 138 vezes
    128 desde o último reset
  • A pontuação média é 13 de 33
Estatísticas das Respostas
Slogan Dica Marca ou Produto % Correto
Abuse e use _ & _ C&A
90%
(?) te dá asas _ _ _ _ _ _ _ Red Bull
84%
A verdadeira Maionese _ _ _ _ _ _ _ _ ' _ Hellmann's
83%
(?) não te abandona _ _ _ _ _ _ Rexona
77%
Quem come um, pede (?) _ _ _ Bis
75%
A cerveja que desce redonro _ _ _ _ Skol
72%
Terrível contra os insetos. Contra os insetos _ _ _ SBP
70%
Tomou (?), a dor sumiu _ _ _ _ _ Doril
69%
Amo muito tudo isso _ _ _ _ _ _ _ _ ' _ Mc Donald's
57%
Vem pra (?) você também, vem! _ _ _ _ _ Caixa
53%
A gente se liga em você. _ _ _ _ _ _ _ _ _ Rede Globo
53%
A marca mais respeitada pelos dentistas _ _ _ _ _ Oral B
50%
Um show de chocolate _ _ _ _ _ _ _ _ _ Cacau Show
49%
Energia que dá gosto _ _ _ _ _ _ Nescau
49%
Tem 1001 utilidades _ _ _ _ _ _ _ Bom Bril
48%
Viva o lado (?) da vida _ _ _ _ - _ _ _ _ Coca-Cola
33%
Uma boa ideia _ _ 51
31%
Pare o mundo que eu quero (?) _ _ _ _ _ _ Nestlé
31%
Faça uma pausa com (?) _ _ _ _ _ _ KitKat
25%
Pode ser bom. Pode ser muito bom. Pode ser (?). _ _ _ _ _ Pepsi
25%
O original do Brasil _ _ _ _ _ _ _ _ _ _ _ _ _ _ _ _ Guaraná Antartica
24%
O caldo nobre da galinha azul _ _ _ _ _ Maggi
24%
Desperte o tigre em você _ _ _ _ _ _ _ ' _ Kellogg's
22%
Porque você vale muito. _ ' _ _ _ _ _ L'ORÉAL
22%
Existem coisas que o dinheiro não compra.Para todas as outras, existe (?). _ _ _ _ _ _ _ _ _ _ MasterCard
17%
Porque nós somos mamíferos _ _ _ _ _ _ _ _ Parmalat
17%
Pra você ficar legal, tome (?) _ _ _ _ _ _ _ _ Melhoral
16%
É impossível comer um só _ _ _ _ _ _ _ _ _ Elma Chips
8%
O seu companheiro de aventuras _ _ _ _ _ _ _ _ Toddynho
8%
Da família (?) para a sua família _ _ _ _ _ _ _ _ Bauducco
7%
Faz do leite uma alegria _ _ _ _ Quik
6%
Com (?) você vai mais longe _ _ _ _ _ _ _ _ Gatorade
5%
A primeira impressão é a que fica _ _ _ Axe
2%
Nenhum quiz correspondente encontrado
Distribuição das Pontuações
Porcentagem de Pessoas com Cada Pontuação
Percentil de Números Respondidos
Sua Pontuação Histórica
Você não jogou esse quiz desde o último reset